Odpady a možnosti jeho riešenia v strediskách cestovného ruchu

Vyhadzovanie odpadu a jeho likvidáciou ničíme prírodné zdroje. Vyčerpávanie neobnoviteľných zdrojov o ktoré ukracujeme budúce generácie. Likvidáciou obnoviteľných zložiek nadmerne zaťažujeme ekosystémy a na výrobu nových produktov musíme znovu a opätovne ťažiť a vyrábať.

Salvato in:
Dettagli Bibliografici
Autore principale: Dendiš, Ľubomír
Natura: Capitolo di libro
Lingua:slovacco
Soggetti:
Tags: Aggiungi Tag
Nessun Tag, puoi essere il primo ad aggiungerne!!

MARC

LEADER 00000naa$a2200000$$$4500
001 0045850
005 20240502071530.4
041 0 |a slo 
044 |a SK 
245 1 0 |a Odpady a možnosti jeho riešenia v strediskách cestovného ruchu  |c Ľubomír Dendiš 
520 |a Vyhadzovanie odpadu a jeho likvidáciou ničíme prírodné zdroje. Vyčerpávanie neobnoviteľných zdrojov o ktoré ukracujeme budúce generácie. Likvidáciou obnoviteľných zložiek nadmerne zaťažujeme ekosystémy a na výrobu nových produktov musíme znovu a opätovne ťažiť a vyrábať. 
610 2 0 |a odpad 
610 2 0 |a recyklácia odpadu 
610 2 0 |a náklady 
610 2 0 |a efektívnosť 
100 1 |a Dendiš, Ľubomír